Deux nouvelles (Запис номер 429817)
[ съкратено ]
| 000 -Лидер | |
|---|---|
| Контролно поле с фиксирана дължина | nam a22 a 4500 |
| 003 - Код на организацията, давaща контролен номер | |
| Контролно поле | BLK |
| 005 - Дата и час на последна редакция | |
| Контролно поле | 20211125161514.0 |
| 008 - Елементи от данни с фиксирана дължина | |
| fixed length control field | 210824b bu |||||r|||| 00| | bu d |
| 040 ## - Източник на каталожния запис | |
| Идентификатор на билиотеката - собственик на записа | BLK |
| 041 ## - Код за език | |
| Код за езика на текст/звукозапис или на отделно заглавие | Френски |
| Код за езика КДБФ | Френски |
| 080 ## - УДК | |
| Текстов определител УДК | Английска литература |
| УДК код - определител по УДК | 821.111 |
| УДК определител | -32 |
| УДК - код + определител | 821.111-32 |
| 100 1# - Редна дума - Автор | |
| R(LIN) | 17212 |
| Автор | London, Jack |
| Авторска отговорност | първи автор |
| 139 ## - Редно поле | |
| Редна дума | London, Jack |
| 245 ## - Сведения за заглавието | |
| Заглавие | Deux nouvelles |
| Подзаглавни данни | L'Amour de la Vie; La Foi des Hommes. |
| Редно поле (дума) | Jack London; trad. Paul Wenz, Georges Dupuy; Ill. d'A. Devambez et de F. de Haenen |
| 260 ## - Област на издателските данни | |
| 9 (RLIN) | 447085 |
| Място на издаване, разпространение и проч. | Paris |
| Година на издаване | 1912 |
| 300 ## - Физическа характеристика | |
| Страници | 30 с. |
| Размери/Мащаб | 29 см |
| 380 ## - Жанр | |
| Жанр | Худож. лит. |
| 501 ## - Забележка „подвързано към” | |
| Забележка: Подвързано към... | Подв. към 429807 -Récits de guerre<br/><br/> |
| 700 ## - Други автори (авторска отговорност) | |
| 9 (RLIN) | 284 |
| Лично име | Wenz, Paul |
| Автороска отговорност (Описва отношението между автора и произведението) | trad. |
| 700 ## - Други автори (авторска отговорност) | |
| 9 (RLIN) | 284 |
| Лично име | Dupuy, Georges |
| Автороска отговорност (Описва отношението между автора и произведението) | trad. |
| 700 ## - Други автори (авторска отговорност) | |
| 9 (RLIN) | 130 |
| Лично име | Devambez. A. |
| Автороска отговорност (Описва отношението между автора и произведението) | ill. |
| 700 ## - Други автори (авторска отговорност) | |
| 9 (RLIN) | 130 |
| Лично име | Haenen., F. de |
| Автороска отговорност (Описва отношението между автора и произведението) | ill. |
| 852 ## - Местоположение | |
| Форматна сигнатура | Цб 8.285.263 |
| Фондова буква | Основен фонд - ползва се само за читалня |
| 999 ## - СИСТЕМНИ КОНТРОЛНИ НОМЕРА | |
| Koha biblionumber | 429817 |
| Koha biblioitemnumber | 429817 |
| 942 ## - АРТИКУЛИ | |
| Вид на библиотечния материал | Книги |
| Скрит в OPAC | Не |
| Периодичен библиозапис | Да |
| 944 ## - СЪЗДАВАНЕ И РЕДАКЦИЯ на ЗАПИСА | |
| Създаване/Редакция | Създаване |
| Дата на регистрацията/редакция | 2021-08-24 |
| Служител, извършил регистрацията/редакцията | Христина Везирева |
| 999 ## - СИСТЕМНИ КОНТРОЛНИ НОМЕРА | |
| Koha biblioitemnumber | 429817 |
| 999 ## - СИСТЕМНИ КОНТРОЛНИ НОМЕРА | |
| Koha biblioitemnumber | 429817 |
| 999 ## - СИСТЕМНИ КОНТРОЛНИ НОМЕРА | |
| Koha biblioitemnumber | 429807 |
| 999 ## - СИСТЕМНИ КОНТРОЛНИ НОМЕРА | |
| Koha biblioitemnumber | 429797 |
| Код за отписване | Код за изгубен артикул | Източник на класификационната схема | Код за повреда | Коз за рестрикции | Код за отдаване | Артикулен № | Име на библиотеката - собственик | Име на библиотеката, в която се намира в момента | Статус (Текущо местоположение) | Дата на вписване в системата | Местоположение - отдел | Цена в лева | Инвентарен номер | Систематично азбучна сигнатура | Баркод | Цена в евро | Служебен тип на артикула |
|---|---|---|---|---|---|---|---|---|---|---|---|---|---|---|---|---|---|
| Не е изгубен | Universal Decimal Classification | Не е повреден | само за читалня | ползва се в читалня | 850258 | Регионална библиотека "Любен Каравелов" Русе | Регионална библиотека "Любен Каравелов" Русе | Хранилище | 2021-08-25 | Основен фонд - ползва се само за читалня | 0.40 | 476 | Цб 8.285.263 | 900000049243 | 0.20 | Книги |